00347nam a2200133Ia 4500008004100000020001500041041001200056082001600068100001500084245005600099260003600155300000800191650001400199221030s9999 xx 000 0 und d a817808984x aEnglish a105.23bLev aA. Levitin 0aIntroduciton to the Design & Analysis of Algorithms bPearson Educationa2005c2005 a513 aComputers